000
00206 a2200097 4500
001
30831
100
_a
Greene, J
245
_a
Thinking and Language
260
_a
London
_b
Methuen
_c
090
_c
20728
_d
20728
942
_a
NUST-CAE
_c
M
_c
11923
999
_c
265904
_d
265904